| 000 | 00489nam a2200193Ia 4500 | ||
|---|---|---|---|
| 005 | 20240823023543.0 | ||
| 008 | 240823s9999||||xx |||||||||||||| ||und|| | ||
| 020 | _a81-239-1225-0 | ||
| 041 | _aENGLISH | ||
| 082 | _A621.18341 P9 | ||
| 100 | _aKrishna Raju N | ||
| 245 | 0 | _aAdvanced Reinforced Concrete Design | |
| 250 | _a2nd | ||
| 260 |
_c2009 _b"CBS Publishers & Distributors,New " |
||
| 500 | _aTRANSFERED | ||
| 650 |
_aConcrete Design _bCivil |
||
| 942 | _cBK | ||
| 999 |
_c181819 _d181819 |
||